The capital of the world (Record no. 83158)

MARC details
000 -LEADER
fixed length control field 00984cab a22002055a 4500
001 - CONTROL NUMBER
control field L153000
008 - FIXED-LENGTH DATA ELEMENTS--GENERAL INFORMATION
fixed length control field 110523e20110520xxk 000 0 eng d
035 ## - SYSTEM CONTROL NUMBER
System control number (Sirsi) u153000
041 0# - LANGUAGE CODE
Language code of text/sound track or separate title eng
100 1# - MAIN ENTRY--PERSONAL NAME
Personal name Sandher, Hardeep
245 04 - TITLE STATEMENT
Title The capital of the world
260 ## - PUBLICATION, DISTRIBUTION, ETC.
Date of publication, distribution, etc. 2011
490 #0 - SERIES STATEMENT
Series statement Property Week Supplement
Volume/sequential designation 20 May 2011, 14-18(4)
520 ## - SUMMARY, ETC.
Summary, etc. Investigates the wave of overseas property investors from Kazakhstan to Canada buying into London's best streets and properties. Overseas investors have spent £22bn on prime City and West End assets in the past five years and Jones Lang LaSalle estimates that £52bn of overseas equity is destined for London in 2011. Lists London's biggest buyers 2006-2010 and London's landed estates by capital values.
590 ## - LOCAL NOTE (RLIN)
Local note KA
651 #4 - SUBJECT ADDED ENTRY--GEOGRAPHIC NAME
Geographic name London
690 ## - LOCAL SUBJECT ADDED ENTRY--TOPICAL TERM (OCLC, RLIN)
Topical term or geographic name as entry element PROPERTY-COMMERCIAL PROPERTY-COMMERCIAL PROPERTY MARKET
690 ## - LOCAL SUBJECT ADDED ENTRY--TOPICAL TERM (OCLC, RLIN)
Topical term or geographic name as entry element PROPERTY-COMMERCIAL PROPERTY-COMMERCIAL PROPERTY FINANCE AND INVESTMENT
942 ## - ADDED ENTRY ELEMENTS (KOHA)
Suppress in OPAC 0
Holdings
Withdrawn status Lost status Source of classification or shelving scheme Damaged status Not for loan Home library Current library Shelving location Date acquired Total Checkouts Full call number Barcode Date last seen Copy number Price effective from Koha item type
    Dewey Decimal Classification     London London Journal article 23/05/2011   L153000 153000-1001 06/08/2019 1 06/08/2019 Journal article